Functional English 2013 (3 Vol Set) (Record no. 349837)

000 -LEADER
fixed length control field 00722nam a22002177a 4500
003 - CONTROL NUMBER IDENTIFIER
control field OSt
005 - DATE AND TIME OF LATEST TRANSACTION
control field 20180116183001.0
008 - FIXED-LENGTH DATA ELEMENTS--GENERAL INFORMATION
fixed length control field 150109b xxu||||| |||| 00| 0 eng d
020 ## - INTERNATIONAL STANDARD BOOK NUMBER
International Standard Book Number 9789699330285
040 ## - CATALOGING SOURCE
Original cataloging agency 0
Transcribing agency 0
082 ## - DEWEY DECIMAL CLASSIFICATION NUMBER
Classification number 657 ICAP 2013
110 ## - MAIN ENTRY--CORPORATE NAME
Corporate name or jurisdiction name as entry element The Institute of Chartered Accountants of Pakistan
245 ## - TITLE STATEMENT
Title Functional English 2013 (3 Vol Set)
Remainder of title Study Text AFC-01
Statement of responsibility, etc. The Institute of Chartered Accountants of Pakistan
250 ## - EDITION STATEMENT
Edition statement Vol 01
260 ## - PUBLICATION, DISTRIBUTION, ETC.
Place of publication, distribution, etc. Pakistan
Name of publisher, distributor, etc. Woolf International
Date of publication, distribution, etc. 2013
300 ## - PHYSICAL DESCRIPTION
Extent 288p.
Other physical details PB
440 ## - SERIES STATEMENT/ADDED ENTRY--TITLE
Title Functional English
505 ## - FORMATTED CONTENTS NOTE
Statement of responsibility The Institute of Chartered Accountants of Pakistan
610 ## - SUBJECT ADDED ENTRY--CORPORATE NAME
Corporate name or jurisdiction name as entry element The Institute of Chartered Accountants of Pakistan
942 ## - ADDED ENTRY ELEMENTS (KOHA)
Source of classification or shelving scheme
Koha item type Book
Holdings
Withdrawn status Lost status Source of classification or shelving scheme Damaged status Not for loan Collection code Permanent Location Current Location Shelving location Date acquired Total Checkouts Full call number Barcode Date last seen Price effective from Koha item type
            Central Library (CL) Central Library (CL) General Stacks 01/09/2015   657 ICAP 2013 NBSD-1956 09/14/2019 01/09/2015 Book
© 2023 Central Library, National University of Sciences and Technology. All Rights Reserved.